00650pab a2200193 454500008004000000100001800040245012000058260000900178300001500187362001200202650002000214650002300234650001500257773004700272908000600319909001000325999001700335952010400352180718b2008 xxu||||| |||| 00| 0 eng d aBiradar, R.R. aGrowth of rural non-agricultural employment and poverty alleviation in India: what does emerging evidence indicate? c2008 ap.274-301. aJul-Dec aPoverty - India aEmployment - India aEmployment aJournal of Social and Economic Development aN a79364 c79364d79364 00104070aIIPAbIIPAd2018-07-19hVolume no: 10, Issue no: 2pAR79824r2018-07-19w2018-07-19yAR